Logo BPK

Biblioteka

Politechniki Koszalińskiej

Fiziceskoe metallovedenie. (Rekord nr 8711)

Szczegóły MARC
000 -ETYKIETA REKORDU
podpole kontrolne o stałej długości 00456nam a2200157 i 4500
001 - NUMER KONTROLNY REKORDU
pole kontrolne bg
040 ## - ŹRÓDŁO KATALOGOWANIA
Instytucja, która utworzyła rekord BPK
041 ## - KOD JĘZYKA
Kod języka tekstu pol
080 ## - UNIWERSALNA KLASYFIKACJA DZIESIĘTNA - UKD
UKD 669.01
008 - POLE O STAŁEJ DŁUGOŚCI - DANE KONTROLNE
podpole kontrolne o stałej długości s pl f |000 0 pol
245 #0 - TYTUŁ/ODPOWIEDZIALNOŚĆ
Tytuł Fiziceskoe metallovedenie.
Oznaczenie części/sekcji dzieła V.1
Tytuł części/sekcji dzieła Atomnoe stroenie matallov i splavov /
Pozostałe elementy strefy tytułu i oznaczenia odpowiedzialności Perev. s angl. N. T. Cebotareva ; pod red. R. Kana.
260 ## - STREFA ADRESU WYDAWNICZEGO
Miejsce wydania Moskva :
Nazwa wydawcy/dystrybutora Izdatel'stvo "Mir",
Data publikacji, dystrybucji/powstania dokumentu 1967.
300 ## - STREFA OPISU FIZYCZNEGO
Objętość s. 333 :
Inne cechy fizyczne il.
700 1# - HASŁO DODATKOWE - NAZWA OSOBOWA
Nazwa osobowa KAN, R.
Określenie związku między hasłem a opisywanym materiałem Red.
942 ## - DODATKOWE ELEMENTY (KOHA)
Typ dokumentu Książka
Egzemplarze
Wycofany Status egzemplarza Uszkodzony Dostępność Lokalizacja stała Lokalizacja bieżąca Miejsce przechowywania Sygnatura Kod kreskowy Typ dokumentu
      Dostępny Biblioteka Politechniki Koszalińskiej Biblioteka Politechniki Koszalińskiej Wypożyczalnia BG 8170 01770773 Książka
© 2023 Biblioteka Politechniki Koszalińskiej :: KOHA